Introduction to social psychology : (Record no. 6616)

MARC details
000 -LEADER
fixed length control field 01448cam a2200337 a 4500
001 - CONTROL NUMBER
control field 11992594
003 - CONTROL NUMBER IDENTIFIER
control field OSt
005 - DATE AND TIME OF LATEST TRANSACTION
control field 20200207130510.0
008 - FIXED-LENGTH DATA ELEMENTS--GENERAL INFORMATION
fixed length control field 000502s2001 maua b 001 0 eng
010 ## - LIBRARY OF CONGRESS CONTROL NUMBER
LC control number 00033702
020 ## - INTERNATIONAL STANDARD BOOK NUMBER
International Standard Book Number 9781405124003
040 ## - CATALOGING SOURCE
Original cataloging agency DLC
Transcribing agency DDC
Modifying agency DLC
043 ## - GEOGRAPHIC AREA CODE
Geographic area code e------
082 00 - DEWEY DECIMAL CLASSIFICATION NUMBER
Classification number 303 SOC 2008.
100 ## - MAIN ENTRY--PERSONAL NAME
Personal name Hewstone,Miles;Stroebe,Wolfgang;Jonas,Klaus;
9 (RLIN) 13613
245 00 - TITLE STATEMENT
Title Introduction to social psychology :
Remainder of title a European perspective /
Statement of responsibility, etc. edited by Miles Hewstone and Wolfgang Stroebe.
250 ## - EDITION STATEMENT
Edition statement 4th ed.
260 ## - PUBLICATION, DISTRIBUTION, ETC. (IMPRINT)
Place of publication, distribution, etc. Oxford, UK ;
Name of publisher, distributor, etc. Blackwell Publishers,
Date of publication, distribution, etc. 2008
300 ## - PHYSICAL DESCRIPTION
Extent xv,409p; p. :
Other physical details ill. ;
Dimensions 25 cm.
504 ## - BIBLIOGRAPHY, ETC. NOTE
Bibliography, etc Includes bibliographical references (p. [607]-682) and indexes.
650 #0 - SUBJECT ADDED ENTRY--TOPICAL TERM
Topical term or geographic name as entry element Social psychology.
9 (RLIN) 1818
650 #0 - SUBJECT ADDED ENTRY--TOPICAL TERM
Topical term or geographic name as entry element Social psychology
Geographic subdivision Europe.
9 (RLIN) 5141
700 1# - ADDED ENTRY--PERSONAL NAME
Personal name Hewstone, Miles.
9 (RLIN) 5142
700 1# - ADDED ENTRY--PERSONAL NAME
Personal name Stroebe, Wolfgang.
9 (RLIN) 5143
856 41 - ELECTRONIC LOCATION AND ACCESS
Materials specified Table of contents only
Uniform Resource Identifier <a href="http://www.loc.gov/catdir/enhancements/fy0802/00033702-t.html">http://www.loc.gov/catdir/enhancements/fy0802/00033702-t.html</a>
856 42 - ELECTRONIC LOCATION AND ACCESS
Materials specified Publisher description
Uniform Resource Identifier <a href="http://www.loc.gov/catdir/enhancements/fy0802/00033702-d.html">http://www.loc.gov/catdir/enhancements/fy0802/00033702-d.html</a>
856 42 - ELECTRONIC LOCATION AND ACCESS
Materials specified Contributor biographical information
Uniform Resource Identifier <a href="http://www.loc.gov/catdir/enhancements/fy0802/00033702-b.html">http://www.loc.gov/catdir/enhancements/fy0802/00033702-b.html</a>
906 ## - LOCAL DATA ELEMENT F, LDF (RLIN)
a 7
b cbc
c orignew
d 1
e ocip
f 20
g y-gencatlg
942 ## - ADDED ENTRY ELEMENTS (KOHA)
Source of classification or shelving scheme Dewey Decimal Classification
Koha item type Open Shelf
Holdings
Withdrawn status Lost status Source of classification or shelving scheme Damaged status Not for loan Home library Current library Date acquired Source of acquisition Inventory number Total Checkouts Full call number Barcode Date last seen Price effective from Koha item type
    Dewey Decimal Classification     MUST Main Library MUST Main Library 11/02/2020 purchase 11/35448   303 SOC 2008. 2020-0449 11/02/2020 11/02/2020 Open Shelf